Catalog

Record Details

Catalog Search



Gun smoke on the Mesa  Cover Image CD Audiobook CD Audiobook

Gun smoke on the Mesa / Brett Halliday writing as Davis Dresser.

Dresser, Davis, 1904-1977 (author.). Dove, Eric G.,: (narrator.).

Summary:

Ten years after taking vengeance on his tormentor, a wanted man returns home The outlaws of West Texas know every twist and turn of the renegade trail. Carved into the rugged landscape of the Big Bend region by the hoofs of galloping horses bearing desperate men, it crosses the muddy waters of the Rio Grande into Mexico, where freedom—of a kind—can be found. Ten years ago, Jim Markle rode the trail south, fleeing for his life. Now he’s coming home with a new Stormy Knight. For years, young Jim had chafed under his stepfather’s whip. Everything changed the night he gunned down the evil old man. Now a battle-tested gunslinger with a stern countenance, Stormy Knight is unrecognizable to all who knew him as a boy. He forfeited his inheritance the night he rode across the border. Now he’s ready claim it—even if it means killing once more.

Record details

  • ISBN: 9781520034553
  • ISBN: 1520034555
  • Physical Description: 4 audio discs (292 min.) : CD audio, digital ; 4 3/4 in.
  • Edition: Unabridged.
  • Publisher: [Holland, Ohio] : Dreamscape Media, [2016]

Content descriptions

General Note:
Title from web page.
Compact discs.
Participant or Performer Note:
Read by Eric G. Dove.
Subject: Cowboys > Fiction.
Murder > Fiction.
Ranch life > Fiction.
Genre: Western fiction.
Action and adventure fiction.
Audiobooks.

Available copies

  • 1 of 1 copy available at scottsboropl.

Holds

  • 0 current holds with 1 total copy.
Show All Copies
Location Call Number / Copy Notes Barcode Shelving Location Status Due Date
scottsboropl BK/CD Hal 32269001128019 Adult - Audiobook Available -

LDR 02114nim a2200457Ki 4500
001150706
003SBPL
00520190425115344.0
008160612s2016 ohunnnn f n eng d
007sd fungnnmmneu
020 . ‡a9781520034553
020 . ‡a1520034555
0243 . ‡a9781520034553
035 . ‡a(CONS)150706
035 . ‡a(CPomAG)LMN611782
050 4. ‡aPS3507.R615 ‡bG86 2016ab
08204. ‡a823/.912 ‡223
1001 . ‡aDresser, Davis, ‡d1904-1977,: ‡eauthor.
24510. ‡aGun smoke on the Mesa / ‡cBrett Halliday writing as Davis Dresser.
250 . ‡aUnabridged.
264 1. ‡a[Holland, Ohio] : ‡bDreamscape Media, ‡c[2016]
300 . ‡a4 audio discs (292 min.) : ‡bCD audio, digital ; ‡c4 3/4 in.
306 . ‡a045200
336 . ‡aspoken word ‡bspw ‡2rdacontent
337 . ‡aaudio ‡bs ‡2rdamedia
338 . ‡aaudio disc ‡bsd ‡2rdacarrier
344 . ‡adigital ‡2rda
347 . ‡aaudio file ‡bCD audio ‡2rda
500 . ‡aTitle from web page.
5110 . ‡aRead by Eric G. Dove.
500 . ‡aCompact discs.
520 . ‡aTen years after taking vengeance on his tormentor, a wanted man returns home The outlaws of West Texas know every twist and turn of the renegade trail. Carved into the rugged landscape of the Big Bend region by the hoofs of galloping horses bearing desperate men, it crosses the muddy waters of the Rio Grande into Mexico, where freedom—of a kind—can be found. Ten years ago, Jim Markle rode the trail south, fleeing for his life. Now he’s coming home with a new Stormy Knight. For years, young Jim had chafed under his stepfather’s whip. Everything changed the night he gunned down the evil old man. Now a battle-tested gunslinger with a stern countenance, Stormy Knight is unrecognizable to all who knew him as a boy. He forfeited his inheritance the night he rode across the border. Now he’s ready claim it—even if it means killing once more.
650 0. ‡aCowboys ‡vFiction.
650 0. ‡aMurder ‡vFiction.
650 0. ‡aRanch life ‡vFiction.
655 7. ‡aWestern fiction. ‡2lcgft
655 7. ‡aAction and adventure fiction. ‡2lcgft
655 7. ‡aAudiobooks. ‡2lcgft
7001 . ‡aDove, Eric G.,: ‡enarrator.
901 . ‡a150706 ‡bUnknown ‡c150706 ‡tbiblio

Additional Resources